000 00502nam a2200157 i 4500
001 42946
003 ES-MaACL
005 20230906160715.0
007 t|
008 030314s1971 sp ||||1| spa d
110 2 _aCentro Mercantil, Industrial y Agrícola de Zaragoza.
_92759
245 1 0 _aMemoria del Centro Mercantil Industrial y Agrícola, año 1970.
260 _a[S.l. :
_bs.n.,
_c1971] (
_eZaragoza :
_fTall. El Noticiero)
300 _a35 p. ;
_c21 cm.
852 _aES-MaACL
_j2077-F-19
_bR.77252
999 _c42946
_d42946